000 00513nam a2200181Ia 4500
008 090124s9999 xx 000 0 und d
082 _b29268
100 _aमंगेशकर गीता
245 _a अलौकिक
250 _a1
260 _bप्रिया प्रकाशन
_c1991
300 _a246
600 _aमंगेशकर गीता
630 _a अलौकिक
700 _aमंगेशकर गीता
730 _a अलौकिक
942 _cBOOK
999 _c94738
_d94738